000 00439nam a2200181Ia 4500
001 19696
005 20260306172712.0
008 260306t2008||||xx |||||||||||||| ||spa||
041 _aESP
082 _a341
_bD75
100 _aDíez-Picazo, Luis
_eAUT
245 0 _aExperiencias jurídicas y teoría del derecho
260 _c2008
300 _a317 páginas :
_c21 cm.
650 _aGEN
654 _aCDE
942 _cLIB
_dJUS
_fJUS
_2ddc
_n
999 _c19696
_d19696